A modern introduction to particle physics : (Record no. 30347)

000 -LEADER
fixed length control field 00622 a2200181 4500
020 ## - INTERNATIONAL STANDARD BOOK NUMBER
International Standard Book Number 9814338834
020 ## - INTERNATIONAL STANDARD BOOK NUMBER
International Standard Book Number 9789814338837
082 04 - DEWEY DECIMAL CLASSIFICATION NUMBER
Classification number 539.72
090 ## - LOCALLY ASSIGNED LC-TYPE CALL NUMBER (OCLC); LOCAL CALL NUMBER (RLIN)
-- 1740
-- 1740
100 1# - MAIN ENTRY--PERSONAL NAME
Personal name Fayyazuddin.
245 12 - TITLE STATEMENT
Title A modern introduction to particle physics :
Remainder of title third edition /
Statement of responsibility, etc. Fayyazuddin, Riazuddin.
250 ## - EDITION STATEMENT
Edition statement 3rd Revised edition ed.
260 ## - PUBLICATION, DISTRIBUTION, ETC.
Place of publication, distribution, etc. [S.l.] :
Name of publisher, distributor, etc. World Scientific Publishing Company,
Date of publication, distribution, etc. 2011.
300 ## - PHYSICAL DESCRIPTION
Extent 750 p.
700 1# - ADDED ENTRY--PERSONAL NAME
Personal name Riazuddin.
942 ## - ADDED ENTRY ELEMENTS (KOHA)
Institution code [OBSOLETE] SNS
Koha item type Book
Call number prefix 539.72 FAY
Holdings
Withdrawn status Lost status Damaged status Not for loan Permanent Location Current Location Date acquired Total Checkouts Total Renewals Full call number Barcode Checked out Date last seen Date last checked out Price effective from Koha item type
        School of Natural Sciences (SNS) School of Natural Sciences (SNS) 05/26/2016 7 2 539.72 FAY SNS0002041 02/05/2026 01/06/2026 01/06/2026 05/26/2016 Book
© 2023 Central Library, National University of Sciences and Technology. All Rights Reserved.